Logo BPK

Biblioteka

Politechniki Koszalińskiej

Gesammelte Werke in Einzelausgaben : (Rekord nr 50589)

Szczegóły MARC
000 -ETYKIETA REKORDU
podpole kontrolne o stałej długości 00543nam a2200169 i 4500
001 - NUMER KONTROLNY REKORDU
pole kontrolne bgj
040 ## - ŹRÓDŁO KATALOGOWANIA
Instytucja, która utworzyła rekord BPK
041 0# - KOD JĘZYKA
Kod języka tekstu ger
008 - POLE O STAŁEJ DŁUGOŚCI - DANE KONTROLNE
podpole kontrolne o stałej długości s gw f |000 0 ger
100 1# - NAZWA OSOBOWA
Nazwa osobowa BREDEL, Willi
Daty związane z nazwą (1901-1964)
245 10 - TYTUŁ/ODPOWIEDZIALNOŚĆ
Tytuł Gesammelte Werke in Einzelausgaben :
Ciąg dalszy tytułu Romane.
Oznaczenie części/sekcji dzieła B. 1,
Tytuł części/sekcji dzieła Maschinenfabrik N. & K., Rosenhofstrasse, Der Eigentumsparagraph /
Pozostałe elementy strefy tytułu i oznaczenia odpowiedzialności Willi Bredel.
260 ## - STREFA ADRESU WYDAWNICZEGO
Miejsce wydania Berlin :
Nazwa wydawcy/dystrybutora Aufbau-Verlag,
Data publikacji, dystrybucji/powstania dokumentu 1975
Miejsce wydania Weimar.
300 ## - STREFA OPISU FIZYCZNEGO
Objętość 585, [1] S. ;
Rozmiary 20 cm.
650 #9 - HASŁO PRZEDMIOTOWE W FORMIE NAZWY OGÓLNEJ LUB JEDNOSTKOWEJ
Nazwa ogólna lub geograficzna Deutsche Literatur
Określnik ogólny Belletristik
655 ## - TERMIN INDEKSOWY - OKREŚLENIE RODZAJU/FORMY DOKUMENTU
Określenie rodzaju/formy dokumentu Roman
856 ## - LOKALIZACJA I DOSTĘP DO ELEKTRONICZNYCH DOKUMENTÓW ZDALNYCH
Link (URL) http://koha.tu.koszalin.pl/cgi-bin/koha/opac-detail.pl?biblionumber=50589
Tekst linku Katalog online BPK
942 ## - DODATKOWE ELEMENTY (KOHA)
Typ dokumentu Książka
Egzemplarze
Wycofany Status egzemplarza Uszkodzony Dostępność Lokalizacja stała Lokalizacja bieżąca Miejsce przechowywania Sygnatura Kod kreskowy Typ dokumentu
      Dostępny Biblioteka Politechniki Koszalińskiej Biblioteka Politechniki Koszalińskiej Wypożyczalnia Językowa N 582 09046344 Książka
© 2023 Biblioteka Politechniki Koszalińskiej :: KOHA